| 000 | 00389nam a2200145 a 4500 | ||
|---|---|---|---|
| 001 | 3049 | ||
| 003 | CDMR | ||
| 005 | 20130116135239.0 | ||
| 008 | 130130s2010||||||||||||||||||||||||||||d | ||
| 040 |
_aCDMR _bcat _cCPC GIRONA |
||
| 100 | 1 |
_aCingolani, Stefano Maria _92234 |
|
| 245 | 1 | 0 |
_aPere El Gran _bVida, actes i paraula _cCingolani, Stefano Maria |
| 260 |
_c2010 _bEditorial Base |
||
| 942 | _cMON | ||
| 999 |
_c3049 _d3049 |
||